[Event "4NCL/Div1b/BAR2 vs. GADS"]
[Site "Sunningdale ENG"]
[Date "2008.10.04"]
[Round "1.7"]
[White "Taylor, Peter"]
[Black "Cafferty, Bernard"]
[Result "1-0"]
[WhiteElo "2254"]
[BlackElo "2179"]
[PlyCount "65"]
[EventDate "2008.10.04"]
[SourceDate "2008.10.04"]

1. Nf3 Nf6 2. c4 c5 3. g3 g6 4. Bg2 Bg7 5. Nc3 O-O 6. d4 cxd4 7. Nxd4 Nc6 8.
O-O Ng4 9. e3 d6 10. b3 Nxd4 11. exd4 Nh6 12. Bxh6 Bxh6 13. Qe2 Re8 14. Rad1
Rb8 15. Rfe1 Bd7 16. c5 Bf8 17. b4 e5 18. Qc4 exd4 19. Rxe8 Qxe8 20. Ne4 Qe5
21. Qxd4 Ba4 22. cxd6 Qxd4 23. Rxd4 Bg7 24. Rd2 Bc6 25. Nc5 Bc3 26. Rc2 Bxb4
27. Bxc6 Bxc5 28. Rxc5 bxc6 29. Rxc6 Rb1+ 30. Kg2 Rd1 31. Kf3 Kg7 32. Ra6 Kf6
33. d7+ 1-0

[Event "4NCL/Div1b/BAR2 vs. GADS"]
[Site "Sunningdale ENG"]
[Date "2008.10.04"]
[Round "1.8"]
[White "Bellin, Jana"]
[Black "Bhatia, Kanwal K"]
[Result "1/2-1/2"]
[WhiteElo "2183"]
[BlackElo "2065"]
[PlyCount "83"]
[EventDate "2008.10.04"]
[SourceDate "2008.10.04"]

1. d4 Nf6 2. Nf3 c5 3. d5 b5 4. c4 Bb7 5. Nc3 b4 6. Na4 d6 7. Nd2 g6 8. e4 Nbd7
9. b3 Qc7 10. Be2 Bh6 11. Qc2 O-O 12. O-O e5 13. Nb2 Bc8 14. Nd3 Nb6 15. f4
exf4 16. Nxf4 Qe7 17. Bb2 Nbd7 18. Rae1 Ne5 19. g3 Nfg4 20. Bf3 Bg7 21. Bg2 h5
22. h3 Nh6 23. Nd3 Nxd3 24. Bxg7 Kxg7 25. Qxd3 Qe5 26. Qe3 a5 27. Qf2 f6 28.
Nf3 Qe7 29. Qc2 Bd7 30. Kh2 Nf7 31. h4 Ne5 32. Nxe5 Qxe5 33. Bh3 Rfd8 34. Rf4
a4 35. Ref1 axb3 36. axb3 Bxh3 37. Kxh3 Rf8 38. Qf2 Ra3 39. Rb1 Qc3 40. Rf3 Qe5
41. Rf1 Rf7 42. Qc2 1/2-1/2

[Event "4NCL/Div1b/WGHK2 vs. NWE1"]
[Site "Sunningdale ENG"]
[Date "2008.10.04"]
[Round "1.3"]
[White "Fowler, Simon"]
[Black "Lyell, Mark"]
[Result "0-1"]
[WhiteElo "2214"]
[BlackElo "2248"]
[PlyCount "52"]
[EventDate "2008.10.04"]
[SourceDate "2008.10.04"]

1. d4 d5 2. c4 Nc6 3. cxd5 Qxd5 4. e3 e5 5. Nc3 Bb4 6. Bd2 Bxc3 7. bxc3 Nf6 8.
f3 O-O 9. Ne2 h5 10. Qb3 Qd6 11. Ng3 h4 12. Ne4 Nxe4 13. fxe4 b6 14. Bd3 Na5
15. Qd1 Qg6 16. Qf3 Bg4 17. Qf2 f5 18. exf5 Bxf5 19. Bxf5 Rxf5 20. Qe2 Raf8 21.
O-O-O Rf2 22. Qb5 c6 23. Qa6 Qe6 24. Kb1 Nc4 25. Bc1 b5 26. Ka1 Qg6 0-1

[Event "4NCL/Div1b/WGHK2 vs. NWE1"]
[Site "Sunningdale ENG"]
[Date "2008.10.04"]
[Round "1.5"]
[White "Briscoe, Christopher"]
[Black "Redmond, John"]
[Result "1/2-1/2"]
[WhiteElo "2253"]
[BlackElo "2199"]
[PlyCount "92"]
[EventDate "2008.10.04"]
[SourceDate "2008.10.04"]

1. e4 e6 2. d4 d5 3. Nc3 Bb4 4. e5 b6 5. Qg4 Bf8 6. Bb5+ c6 7. Bd3 Ba6 8. Nh3
Bxd3 9. cxd3 Ne7 10. Bg5 Qd7 11. Bxe7 Qxe7 12. O-O-O Na6 13. Kb1 O-O-O 14. Rc1
Kb7 15. a3 g6 16. Rc2 h5 17. Qe2 Bh6 18. f4 Rc8 19. Qd2 Qd7 20. Ng5 Rc7 21.
Rhc1 Rhc8 22. b4 Nb8 23. Rb2 Bf8 24. Ka2 Ka8 25. Rcb1 Qe7 26. Rb3 Nd7 27. g3 a5
28. bxa5 Ra7 29. axb6 Rxa3+ 30. Kb2 Rxb3+ 31. Kxb3 Kb7 32. Ra1 Nxb6 33. Na4
Nxa4 34. Rxa4 Ra8 35. Rxa8 Kxa8 36. Qa5+ Kb7 37. h4 Bh6 38. Qb4+ Qxb4+ 39. Kxb4
Bxg5 40. fxg5 Kb6 41. Kc3 Ka5 42. Kb3 Kb5 43. Ka3 Ka5 44. Kb3 Kb5 45. Ka3 c5
46. Kb3 cxd4 1/2-1/2

[Event "4NCL/Div1b/WGHK2 vs. NWE1"]
[Site "Sunningdale ENG"]
[Date "2008.10.04"]
[Round "1.7"]
[White "Hagesaether, Arne"]
[Black "Grigoryan-Lyell, Meri"]
[Result "1-0"]
[WhiteElo "2181"]
[BlackElo "2076"]
[PlyCount "68"]
[EventDate "2008.10.04"]
[SourceDate "2008.10.04"]

1. e4 e5 2. Nf3 Nf6 3. Nxe5 d6 4. Nf3 Nxe4 5. d4 Be7 6. Bd3 Nf6 7. O-O Bg4 8.
c4 Nc6 9. Be3 O-O 10. Nbd2 Re8 11. h3 Bh5 12. Qb3 Qd7 13. d5 Ne5 14. Nxe5 dxe5
15. Qxb7 Reb8 16. Qa6 Rxb2 17. Rfb1 Rxd2 18. Bxd2 e4 19. Bf1 Bd6 20. Rb3 Qf5
21. Rab1 h6 22. Qc6 Rf8 23. Rb8 Rxb8 24. Rxb8+ Kh7 25. c5 Bh2+ 26. Kxh2 Qxf2
27. Rb1 Qxd2 28. d6 cxd6 29. Qxd6 Qxa2 30. Rc1 Qa3 31. Qd2 Bg6 32. c6 e3 33.
Qc3 Qd6+ 34. Kh1 Nd5 $138 1-0

[Event "4NCL/Div1b/WGHK2 vs. NWE1"]
[Site "Sunningdale ENG"]
[Date "2008.10.04"]
[Round "1.8"]
[White "Morrison, Lynne"]
[Black "Hegarty, Sarah"]
[Result "1/2-1/2"]
[WhiteElo "1926"]
[BlackElo "2088"]
[PlyCount "143"]
[EventDate "2008.10.04"]
[SourceDate "2008.10.04"]

1. d4 Nf6 2. Nf3 g6 3. Bg5 Bg7 4. c3 d5 5. Nbd2 O-O 6. e3 c5 7. Bd3 cxd4 8.
exd4 Nc6 9. O-O Bg4 10. Re1 h6 11. Bh4 g5 12. Bg3 Qc8 13. Qc2 Nh5 14. Ne5 Nxg3
15. Nxg4 Qxg4 16. fxg3 Qd7 17. Rf1 Rac8 18. Qd1 Qc7 19. Kh1 Rcd8 20. Qh5 e5 21.
dxe5 Nxe5 22. Bf5 Qb6 23. Rab1 Nc4 24. Nxc4 dxc4 25. h4 gxh4 26. gxh4 Qc6 27.
Rbd1 Rxd1 28. Rxd1 Qb6 29. Qe2 Qf6 30. Qg4 Qa6 31. a3 Qb5 32. Rd2 Re8 33. Be4
Qb6 34. Qf3 Qf6 35. g3 Qxf3+ 36. Bxf3 b6 37. Rd7 Re3 38. Kg2 a5 39. Rc7 b5 40.
Rb7 b4 41. axb4 axb4 42. Rxb4 Rd3 43. Rb8+ Bf8 44. Be2 Rd2 45. Kf3 Kg7 46. g4
Bc5 47. Rb7 Kg6 48. Bxc4 Rf2+ 49. Ke4 Rf6 50. Rb5 Bf2 51. h5+ Kg7 52. Rf5 Rxf5
53. Kxf5 Be1 54. Bd5 Kf8 55. c4 Bb4 56. Ke5 Ke7 57. Kf5 f6 58. b3 Bd2 59. c5
Bb4 60. c6 Bd6 61. Ke4 Bc5 62. Kd3 Kd6 63. Kc4 Bb6 64. b4 Kc7 65. b5 Be3 66.
Kd3 Bg5 67. Ke4 Bd2 68. Kf5 Bg5 69. Ke6 Bh4 70. Bc4 Bg5 71. Kf5 Bh4 72. Ke6
1/2-1/2

[Event "4NCL/Div1b/BRI1 vs. GUI1"]
[Site "Sunningdale ENG"]
[Date "2008.10.04"]
[Round "1.1"]
[White "Rudd, Jack"]
[Black "Rowson, Jonathan"]
[Result "1-0"]
[WhiteElo "2344"]
[BlackElo "2596"]
[PlyCount "85"]
[EventDate "2008.10.04"]
[SourceDate "2008.10.04"]

1. e4 e5 2. Nf3 Nc6 3. Bb5 a6 4. Ba4 Nf6 5. O-O Be7 6. Re1 b5 7. Bb3 d6 8. c3
O-O 9. h3 Na5 10. Bc2 c5 11. d4 Qc7 12. Nbd2 Bd7 13. d5 c4 14. Nf1 Nb7 15. N3h2
g6 16. Ng3 Ne8 17. Ng4 Ng7 18. f4 exf4 19. Nh6+ Kh8 20. Bxf4 Nc5 21. Qd2 f6 22.
Be3 Be8 23. Bd4 Nd7 24. Rf1 Ne5 25. Rf2 Bd7 26. Raf1 Rae8 27. Ne2 Bc8 28. g4
Qd8 29. Rg2 Qa5 30. a3 Bd8 31. Rgf2 Qc7 32. Kg2 Qe7 33. Ng3 Bb7 34. g5 f5 35.
h4 Qd7 36. h5 Nxh5 37. Nxh5 gxh5 38. Rxf5 Rxf5 39. Rxf5 Bc8 40. Qf4 Qg7 41.
Nf7+ Kg8 42. Nxd6 Bxf5 43. Nxe8 1-0

[Event "4NCL/Div1b/BRI1 vs. GUI1"]
[Site "Sunningdale ENG"]
[Date "2008.10.04"]
[Round "1.2"]
[White "Pert, Nicholas"]
[Black "Cobb, Charles"]
[Result "1-0"]
[WhiteElo "2532"]
[BlackElo "2407"]
[PlyCount "56"]
[EventDate "2008.10.04"]
[SourceDate "2008.10.04"]

1. d4 e6 2. c4 Nf6 3. Nf3 d5 4. Nc3 Nbd7 5. Bg5 c6 6. e3 Qa5 7. cxd5 Nxd5 8.
Qd2 N7b6 9. Bd3 Nxc3 10. bxc3 Na4 11. O-O Qxc3 12. Qe2 Qb2 13. Bc2 Qb5 14. Qd1
Nc3 15. Qd2 Ne2+ 16. Kh1 Bb4 17. a4 Bxd2 18. axb5 Bc3 19. Ra2 f6 20. bxc6 bxc6
21. Be4 O-O 22. Bh4 g5 23. Rb1 a5 24. Bxg5 fxg5 25. Rxe2 h6 26. Rc2 Bb4 27. Ne5
Ra6 28. Bxc6 Bd6 {The scoresheets now descend into unreadable gibberish.} 1-0

[Event "4NCL/Div1b/BRI1 vs. GUI1"]
[Site "Sunningdale ENG"]
[Date "2008.10.04"]
[Round "1.3"]
[White "Beaumont, Chris"]
[Black "Conquest, Stuart C"]
[Result "0-1"]
[WhiteElo "2317"]
[BlackElo "2526"]
[PlyCount "76"]
[EventDate "2008.10.04"]
[SourceDate "2008.10.04"]

1. d4 d5 2. c4 c6 3. Nf3 dxc4 4. e3 Be6 5. a4 Nf6 6. Nc3 g6 7. Ng5 Qc8 8. a5
Bg7 9. Qa4 O-O 10. Nxe6 Qxe6 11. Bxc4 Qg4 12. O-O Nbd7 13. Be2 Qe6 14. Bf3 Qd6
15. b4 a6 16. Ba3 Rfe8 17. Qb3 Qc7 18. Rac1 Rac8 19. Rfd1 Qb8 20. g3 e6 21. Na4
Red8 22. Nc5 Ne8 23. Bb2 Nd6 24. e4 Nb5 25. Na4 Qd6 26. e5 Qe7 27. Nc5 Nxc5 28.
dxc5 Bh6 29. Rxd8+ Rxd8 30. Rd1 Rd2 31. Rxd2 Bxd2 32. h4 Kf8 33. Kg2 h6 34. Qc4
Qd7 35. Bg4 Ke8 36. Bh3 Be1 37. Qf4 Qd2 38. Qf6 Qxb2 0-1

[Event "4NCL/Div1b/BRI1 vs. GUI1"]
[Site "Sunningdale ENG"]
[Date "2008.10.04"]
[Round "1.4"]
[White "Cornette, Matthieu"]
[Black "Poobalasingam, Peter"]
[Result "1-0"]
[WhiteElo "2548"]
[BlackElo "2235"]
[PlyCount "59"]
[EventDate "2008.10.04"]
[SourceDate "2008.10.04"]

1. e4 c5 2. Nf3 d6 3. c3 Nf6 4. h3 Nc6 5. Bd3 d5 6. e5 Nd7 7. Bb5 a6 8. Bxc6
bxc6 9. O-O e6 10. d3 Be7 11. Re1 O-O 12. Qa4 f6 13. exf6 Nxf6 14. Ne5 Bd6 15.
Qxc6 Rb8 16. Qa4 Qc7 17. Nf3 e5 18. c4 e4 19. dxe4 Nxe4 20. Qd1 Nxf2 21. Kxf2
Bg3+ 22. Kg1 Bxe1 23. Qxe1 Bb7 24. Bg5 Qb6 25. Nbd2 h6 26. Bh4 Qxb2 27. Rb1
Qxa2 28. Be7 Rfe8 29. Qg3 Qa4 30. Bd6 1-0

[Event "4NCL/Div1b/BRI1 vs. GUI1"]
[Site "Sunningdale ENG"]
[Date "2008.10.04"]
[Round "1.5"]
[White "Buckley, David E"]
[Black "Flear, Glenn C"]
[Result "0-1"]
[WhiteElo "2244"]
[BlackElo "2473"]
[PlyCount "84"]
[EventDate "2008.10.04"]
[SourceDate "2008.10.04"]

1. Nf3 d5 2. d4 Nf6 3. c4 e6 4. g3 dxc4 5. Bg2 Nc6 6. Qa4 Bd6 7. O-O O-O 8.
Qxc4 e5 9. dxe5 Nxe5 10. Nxe5 Bxe5 11. Nc3 c6 12. Bf4 Be6 13. Qb4 Bxf4 14. Qxf4
Qb6 15. b3 Rad8 16. Rad1 h6 17. h3 Qc5 18. Rxd8 Rxd8 19. Rd1 Rxd1+ 20. Nxd1 Qc2
21. Ne3 Qxa2 22. Qb8+ Kh7 23. Qxb7 Bxb3 24. Qxc6 a5 25. Be4+ Nxe4 26. Qxe4+ g6
27. Qd4 Be6 28. Ng4 Bxg4 29. Qxg4 a4 30. Qd7 a3 31. Qa7 Qa1+ 32. Kh2 Kg7 33. e4
Qb2 34. e5 Kf8 35. Qc5+ Kg8 36. Qe3 Qa2 37. Qa7 Qb3 38. Qa8+ Kg7 39. Qa7 a2 40.
Qd4 Kg8 41. Qa7 Qb1 42. Qe7 a1=Q 0-1

[Event "4NCL/Div1b/BRI1 vs. GUI1"]
[Site "Sunningdale ENG"]
[Date "2008.10.04"]
[Round "1.7"]
[White "Collier, David O"]
[Black "Pert, Richard G"]
[Result "0-1"]
[WhiteElo "2089"]
[BlackElo "2453"]
[PlyCount "73"]
[EventDate "2008.10.04"]
[SourceDate "2008.10.04"]

1. d4 d5 2. c4 e5 3. dxe5 d4 4. Nf3 Nc6 5. a3 Be6 6. e3 dxe3 7. Qxd8+ Rxd8 8.
Bxe3 Nge7 9. Bf4 Nf5 10. Nbd2 h6 11. h3 Bc5 12. Nb3 Ncd4 13. Nbxd4 Nxd4 14.
Nxd4 Bxd4 15. Ra2 b5 16. b3 Bc3+ 17. Bd2 Bxe5 18. Be2 O-O 19. O-O Rfe8 20. Be3
a5 21. Rd2 b4 22. axb4 axb4 23. Rfd1 Ra8 24. Bf3 Ra3 25. Rd8 Rxd8 26. Rxd8+ Kh7
27. Bd1 Ra1 28. Kf1 Bf6 29. Rd2 Bc3 30. Rd8 Bf5 31. Ke2 Be4 32. g4 Ra2+ 33. Bd2
f5 34. f3 Bxd2 35. Rxd2 Bxf3+ 36. Ke1 Rxd2 37. Kxd2 0-1

[Event "4NCL/Div1b/BRI1 vs. GUI1"]
[Site "Sunningdale ENG"]
[Date "2008.10.04"]
[Round "1.8"]
[White "Lalic, Susan"]
[Black "Smith, Olivia"]
[Result "1/2-1/2"]
[WhiteElo "2341"]
[BlackElo "1961"]
[PlyCount "136"]
[EventDate "2008.10.04"]
[SourceDate "2008.10.04"]

1. e4 e5 2. Nf3 Nf6 3. Nc3 Nc6 4. d4 exd4 5. Nxd4 Bb4 6. Nxc6 bxc6 7. Bd3 d5 8.
e5 Ng4 9. O-O O-O 10. Bf4 Re8 11. Re1 Qh4 12. Bg3 Qg5 13. a3 Bc5 14. b4 Bb6 15.
Na4 Nh6 16. Nxb6 cxb6 17. c4 dxc4 18. Bxc4 Be6 19. Bxe6 Rxe6 20. Qd7 Qe7 21.
Qxe7 Rxe7 22. Rac1 Rc8 23. Red1 Kf8 24. f4 Nf5 25. Bf2 h5 26. Rc3 Rec7 27. h3
h4 28. Kf1 Ke7 29. Ke2 Rd7 30. Rxd7+ Kxd7 31. Kf3 Ke6 32. Kg4 Rc7 33. Rc1 g6
34. Bxh4 Nxh4 35. Kxh4 c5 36. Kg4 c4 37. Kf3 b5 38. Ke4 Rd7 39. a4 a6 40. axb5
axb5 41. Ra1 c3 42. Ra6+ Ke7 43. Rc6 Rd2 44. g4 Rb2 45. Rc7+ Kf8 46. Rxc3 Rxb4+
47. Kf3 Rb1 48. Kg3 b4 49. Rc8+ Ke7 50. Rb8 b3 51. Rb4 b2 52. Kg2 Kd7 53. h4
Ke7 54. Rb8 Ke6 55. Rb6+ Ke7 56. h5 gxh5 57. gxh5 Kf8 58. h6 Kg8 59. Rb7 Kh7
60. Rxf7+ Kxh6 61. Rb7 Kg6 62. e6 Kf6 63. e7 Kf7 64. f5 Re1 65. Rxb2 Kxe7 66.
Kf3 Kf6 67. Kf4 Rf1+ 68. Kg4 Rg1+ 1/2-1/2

[Event "4NCL/Div1b/GADS vs. BET"]
[Site "Sunningdale ENG"]
[Date "2008.10.05"]
[Round "2.2"]
[White "Ledger, Andrew J"]
[Black "Davies, Nigel R"]
[Result "1/2-1/2"]
[WhiteElo "2429"]
[BlackElo "2490"]
[PlyCount "29"]
[EventDate "2008.10.05"]
[SourceDate "2008.10.04"]

1. d4 Nf6 2. Nf3 e6 3. c4 Bb4+ 4. Nbd2 d5 5. Qa4+ Nc6 6. e3 O-O 7. a3 Bxd2+ 8.
Bxd2 Ne4 9. Qc2 h6 10. Rc1 Qe7 11. cxd5 exd5 12. Bb5 Nxd2 13. Qxd2 Nd8 14. Bd3
Ne6 15. O-O 1/2-1/2

[Event "4NCL/Div1b/GADS vs. BET"]
[Site "Sunningdale ENG"]
[Date "2008.10.05"]
[Round "2.3"]
[White "Jirka, Jiri"]
[Black "Ansell, Simon"]
[Result "1-0"]
[WhiteElo "2448"]
[BlackElo "2410"]
[PlyCount "85"]
[EventDate "2008.10.05"]
[SourceDate "2008.10.04"]

1. d4 d5 2. Nf3 Nf6 3. g3 c6 4. c4 Bf5 5. Nc3 e6 6. Nh4 Be4 7. f3 Bg6 8. Qb3
Qb6 9. Nxg6 hxg6 10. c5 Qc7 11. Bf4 Qc8 12. g4 Be7 13. O-O-O Nbd7 14. Bg3 b6
15. cxb6 Nxb6 16. e4 g5 17. Kb1 Kf8 18. Bd3 Nfd7 19. exd5 cxd5 20. Rc1 Nc4 21.
Rc2 Ndb6 22. Na4 Nxa4 23. Qxa4 Qb7 24. Rxc4 dxc4 25. Be4 Qc8 26. Rc1 f5 27.
gxf5 exf5 28. Rxc4 fxe4 29. Rxc8+ Rxc8 30. fxe4 Rh6 31. d5 Rb6 32. Qxa7 Bc5 33.
Qd7 Re8 34. Bc7 Rf6 35. e5 Rf1+ 36. Kc2 Re7 37. Bd6 Bxd6 38. Qxd6 Rf2+ 39. Kc3
Rxh2 40. e6 Rh3+ 41. Kd4 g4 42. Qb8+ Re8 43. Qf4+ 1-0

[Event "4NCL/Div1b/GADS vs. BET"]
[Site "Sunningdale ENG"]
[Date "2008.10.05"]
[Round "2.4"]
[White "Eames, Robert G"]
[Black "Cernousek, Lukas"]
[Result "0-1"]
[WhiteElo "2329"]
[BlackElo "2435"]
[PlyCount "54"]
[EventDate "2008.10.05"]
[SourceDate "2008.10.04"]

1. d4 d5 2. c4 dxc4 3. e4 c5 4. d5 Nf6 5. Nc3 b5 6. Bf4 Ba6 7. e5 b4 8. e6 fxe6
9. Qa4+ Qd7 10. dxe6 Qxa4 11. Nxa4 g5 12. Bxb8 Rxb8 13. Nxc5 Bb5 14. a4 bxa3
15. Rxa3 Bg7 16. Be2 O-O 17. Nf3 Nd5 18. O-O Nf4 19. Bd1 Bxb2 20. Rxa7 g4 21.
Ng5 Bd4 22. Rc7 Nd5 23. Rd7 Bxd7 24. Nxd7 Rxf2 25. Rxf2 Rb1 26. Kf1 Rxd1+ 27.
Ke2 Nc3# 0-1

[Event "4NCL/Div1b/GADS vs. BET"]
[Site "Sunningdale ENG"]
[Date "2008.10.05"]
[Round "2.5"]
[White "Snape, Ian"]
[Black "Duncan, Christopher R"]
[Result "1/2-1/2"]
[WhiteElo "2219"]
[BlackElo "2294"]
[PlyCount "65"]
[EventDate "2008.10.05"]
[SourceDate "2008.10.04"]

1. e4 c6 2. c4 d5 3. exd5 cxd5 4. cxd5 Nf6 5. Qa4+ Nbd7 6. Nc3 g6 7. Nf3 Bg7 8.
Bc4 O-O 9. d3 Nb6 10. Qb3 a5 11. Be3 Nfxd5 12. Nxd5 Nxd5 13. Bxd5 a4 14. Qc4 e6
15. Be4 f5 16. Rd1 fxe4 17. dxe4 Qa5+ 18. Bd2 b5 19. Bxa5 bxc4 20. Bc3 a3 21.
Bxg7 Kxg7 22. Rd2 Rb8 23. bxa3 c3 24. Rd1 Ba6 25. Nd4 Rb2 26. Nxe6+ Kf6 27.
Nxf8 Re2+ 28. Kf1 Rd2+ 29. Ke1 Re2+ 30. Kf1 c2 31. Rc1 Rd2+ 32. Ke1 Re2+ 33.
Kf1 1/2-1/2

[Event "4NCL/Div1b/GADS vs. BET"]
[Site "Sunningdale ENG"]
[Date "2008.10.05"]
[Round "2.6"]
[White "Ledger, David J"]
[Black "Anderton, David"]
[Result "1-0"]
[WhiteElo "2254"]
[BlackElo "2239"]
[PlyCount "123"]
[EventDate "2008.10.05"]
[SourceDate "2008.10.04"]

1. e4 e6 2. d4 d5 3. Nc3 Nf6 4. Bg5 Bb4 5. e5 h6 6. Bd2 Bxc3 7. bxc3 Ne4 8. Qg4
g6 9. Qf4 c5 10. Bd3 g5 11. Qe3 Nxd2 12. Qxd2 Nc6 13. Bb5 Qa5 14. Bxc6+ bxc6
15. h4 g4 16. Ne2 Ba6 17. Nc1 Bc4 18. Nb3 Bxb3 19. cxb3 cxd4 20. cxd4 Qxd2+ 21.
Kxd2 h5 22. Rac1 Kd7 23. Rc5 Rhb8 24. Rhc1 Rb6 25. Ra5 Rb5 26. Rxb5 cxb5 27.
Rc5 a6 28. Ke3 f6 29. exf6 Rf8 30. a4 bxa4 31. bxa4 Rxf6 32. Ra5 Rf5 33. f4
gxf3 34. gxf3 Kc7 35. Rxa6 e5 36. dxe5 Rxe5+ 37. Kf4 Re1 38. Rh6 Ra1 39. Rxh5
Rxa4+ 40. Ke5 d4 41. Ke4 Kc6 42. Rh8 Kd7 43. h5 Ke7 44. h6 Kf7 45. Rd8 d3+ 46.
Kxd3 Kg6 47. Rd6+ Kh7 48. Ke3 Rb4 49. f4 Ra4 50. Kf3 Ra1 51. Kg4 Rg1+ 52. Kh5
Rh1+ 53. Kg5 Rg1+ 54. Kf5 Rh1 55. Re6 Rh5+ 56. Kf6 Rxh6+ 57. Kf7 Rh4 58. f5 Rf4
59. f6 Rf1 60. Re2 Kh6 61. Rh2+ Kg5 62. Kg7 1-0

[Event "4NCL/Div1b/GADS vs. BET"]
[Site "Sunningdale ENG"]
[Date "2008.10.05"]
[Round "2.7"]
[White "Cafferty, Bernard"]
[Black "Ledger, Stephen C"]
[Result "1/2-1/2"]
[WhiteElo "2179"]
[BlackElo "2151"]
[PlyCount "27"]
[EventDate "2008.10.05"]
[SourceDate "2008.10.04"]

1. e3 d5 2. c4 e6 3. Nf3 Nf6 4. b3 Bd6 5. Bb2 O-O 6. d4 c6 7. Bd3 Nbd7 8. O-O
Re8 9. Ne5 Nf8 10. Nd2 Qe7 11. a3 N6d7 12. e4 Nxe5 13. dxe5 Bc7 14. Re1 1/2-1/2

[Event "4NCL/Div1b/GADS vs. BET"]
[Site "Sunningdale ENG"]
[Date "2008.10.05"]
[Round "2.8"]
[White "Yurenok, Maria S"]
[Black "Bellin, Jana"]
[Result "0-1"]
[WhiteElo "2048"]
[BlackElo "2183"]
[PlyCount "198"]
[EventDate "2008.10.05"]
[SourceDate "2008.10.04"]

1. d4 Nf6 2. Nf3 b6 3. Bg5 e6 4. e4 Be7 5. Bd3 Bb7 6. Nbd2 d5 7. Bxf6 Bxf6 8.
e5 Be7 9. O-O Ba6 10. Qe2 Bxd3 11. Qxd3 O-O 12. Ne1 c5 13. c3 Nc6 14. Kh1 cxd4
15. cxd4 Nb4 16. Qb3 Rc8 17. a3 Nc6 18. Qd3 f6 19. f4 fxe5 20. fxe5 Rxf1+ 21.
Nxf1 Bg5 22. Nf3 Bh6 23. Ne3 Na5 24. b4 Bxe3 25. Qxe3 Nc4 26. Qf4 Qe7 27. h3 h6
28. Qg3 Ne3 29. Qf2 Rc3 30. Ra2 Rc1+ 31. Ng1 Nc4 32. Kh2 Rc3 33. Nf3 Rxa3 34.
Rxa3 Nxa3 35. Qb2 Nc4 36. Qb3 a5 37. bxa5 bxa5 38. Qb5 Qf7 39. Qb8+ Kh7 40.
Qb1+ g6 41. Qb5 Kg7 42. Kg1 Qe7 43. Kh2 Kf7 44. Kg1 Qa7 45. Qa4 Nb6 46. Qc2 Nc4
47. Qa4 Ne3 48. Kf2 Nf5 49. g4 Ne7 50. h4 Qc7 51. Qb3 Qc6 52. Qe3 Kg7 53. Qf4
Ng8 54. Qd2 a4 55. Qa5 Ne7 56. Kg3 Qc4 57. Qd8 Kf7 58. Qh8 a3 59. Qxh6 a2 60.
Qh8 Qc3 61. Kg2 Qxf3+ 62. Kxf3 a1=Q 63. Qf6+ Ke8 64. Qxe6 Qxd4 65. h5 gxh5 66.
gxh5 Qd1+ 67. Kf2 Qxh5 68. Qd6 Qh4+ 69. Kf1 Qf4+ 70. Ke2 Qe4+ 71. Kd2 Qf4+ 72.
Ke2 Qc4+ 73. Kf2 Qc6 74. Qb8+ Kf7 75. Qh8 Qg6 76. Qb8 Qf5+ 77. Kg2 Qe6 78. Qh8
Ng6 79. Qh7+ Kf8 80. Qh6+ Ke8 81. Qh5 Kd7 82. Qh7+ Kc6 83. Qa7 Nxe5 84. Qa6+
Kd7 85. Qb7+ Ke8 86. Qb8+ Kf7 87. Qc7+ Qe7 88. Qc8 Qd7 89. Qh8 Qg4+ 90. Kf2
Nd3+ 91. Ke3 Qe4+ 92. Kd2 Nf4 93. Qb8 Qd4+ 94. Kc2 Qd3+ 95. Kb2 Qd2+ 96. Kb3
Qd3+ 97. Kb2 Qc4 98. Qb7+ Kf6 99. Qb6+ Kf5 0-1

[Event "4NCL/Div1b/GUI1 vs. WGHK2"]
[Site "Sunningdale ENG"]
[Date "2008.10.05"]
[Round "2.1"]
[White "Rowson, Jonathan"]
[Black "Pein, Malcolm"]
[Result "1-0"]
[WhiteElo "2596"]
[BlackElo "2394"]
[PlyCount "69"]
[EventDate "2008.10.05"]
[SourceDate "2008.10.04"]

1. d4 Nf6 2. c4 g6 3. Nc3 Bg7 4. e4 d6 5. f3 O-O 6. Be3 c6 7. Bd3 Nbd7 8. Nge2
e5 9. d5 cxd5 10. cxd5 a6 11. O-O Ne8 12. Qd2 f5 13. exf5 gxf5 14. f4 Nb6 15.
Ng3 e4 16. Be2 Nf6 17. Qd1 Bd7 18. Qb3 Nc8 19. Qxb7 Ne7 20. Rfd1 Be8 21. Bb6
Qb8 22. Qxb8 Rxb8 23. Bc7 Rxb2 24. Bxd6 Rf7 25. Bxe7 Rxe7 26. d6 Rd7 27. Nxf5
Bf8 28. Bc4+ Bf7 29. Nd5 Nxd5 30. Bxd5 e3 31. Nxe3 Rxd6 32. Nc4 Rxd5 33. Nxb2
Bc5+ 34. Kh1 Rd4 35. Rac1 1-0

[Event "4NCL/Div1b/GUI1 vs. WGHK2"]
[Site "Sunningdale ENG"]
[Date "2008.10.05"]
[Round "2.2"]
[White "Sowray, Peter J"]
[Black "Pert, Nicholas"]
[Result "0-1"]
[WhiteElo "2316"]
[BlackElo "2532"]
[PlyCount "80"]
[EventDate "2008.10.05"]
[SourceDate "2008.10.04"]

1. e4 e6 2. d4 d5 3. Nc3 Nf6 4. e5 Nfd7 5. Nf3 c5 6. dxc5 Nc6 7. Bf4 Bxc5 8.
Bd3 f6 9. exf6 Nxf6 10. Qe2 O-O 11. O-O-O Bd7 12. Kb1 Qe7 13. Rhe1 Bb4 14. Bd2
a6 15. Ng5 Rae8 16. f4 Bd6 17. Qf2 Nb4 18. Qh4 g6 19. Bf1 Qg7 20. Nf3 Nh5 21.
Ne5 Nc6 22. Nxd7 Qxd7 23. f5 Rxf5 24. g4 Rf4 25. Bxf4 Nxf4 26. Ne2 Rf8 27. Nxf4
Rxf4 28. Bg2 Ne5 29. h3 Nc4 30. Qg5 Qg7 31. c3 Rf2 32. Bxd5 Rxb2+ 33. Ka1 Re2
34. Bxe6+ Rxe6 35. Qd8+ Bf8 36. Qd3 Rc6 37. Re8 Nd6 38. Rd8 Nf7 39. Rd7 Rxc3
40. Qd4 Qxd4 0-1

[Event "4NCL/Div1b/GUI1 vs. WGHK2"]
[Site "Sunningdale ENG"]
[Date "2008.10.05"]
[Round "2.3"]
[White "Conquest, Stuart C"]
[Black "Fowler, Simon"]
[Result "1-0"]
[WhiteElo "2526"]
[BlackElo "2214"]
[PlyCount "53"]
[EventDate "2008.10.05"]
[SourceDate "2008.10.04"]

1. d4 e6 2. c4 d5 3. Nc3 c6 4. e4 Bb4 5. Bd2 Nf6 6. e5 Nfd7 7. Nf3 b6 8. cxd5
exd5 9. Bd3 Ba6 10. Bxa6 Nxa6 11. Qa4 Bxc3 12. Bxc3 Qc8 13. O-O Nf8 14. Rac1
Qb7 15. Bd2 Rc8 16. Nh4 g6 17. f4 Ne6 18. Be3 b5 19. Qc2 Qe7 20. g3 f5 21. exf6
Qxf6 22. f5 Nxd4 23. Qd2 Nxf5 24. Nxf5 gxf5 25. Bd4 Qf8 26. Bxh8 Qxh8 27. Qxd5
1-0

[Event "4NCL/Div1b/GUI1 vs. WGHK2"]
[Site "Sunningdale ENG"]
[Date "2008.10.05"]
[Round "2.4"]
[White "Therrien, Alex"]
[Black "Cornette, Matthieu"]
[Result "0-1"]
[WhiteElo "2253"]
[BlackElo "2548"]
[PlyCount "60"]
[EventDate "2008.10.05"]
[SourceDate "2008.10.04"]

1. d4 Nf6 2. c4 e6 3. Nf3 c5 4. d5 d6 5. Nc3 exd5 6. cxd5 g6 7. Nd2 Bg7 8. Nc4
O-O 9. Bf4 Na6 10. e3 Ne8 11. h3 Qd7 12. a4 b6 13. Be2 Nb4 14. O-O Ba6 15. Qd2
Nc7 16. Rfd1 Bxc4 17. Bxc4 Rfe8 18. Bb5 Nxb5 19. axb5 Re7 20. Qe2 Rc8 21. Qc4
Rce8 22. Ra3 Qf5 23. Bxd6 Rd7 24. Bf4 Bxc3 25. bxc3 Re4 26. Qf1 Nxd5 27. Bg3 c4
28. Rd4 Rxd4 29. cxd4 Qc2 30. Ra1 c3 $138 0-1

[Event "4NCL/Div1b/GUI1 vs. WGHK2"]
[Site "Sunningdale ENG"]
[Date "2008.10.05"]
[Round "2.5"]
[White "King, Daniel J"]
[Black "Briscoe, Christopher"]
[Result "1-0"]
[WhiteElo "2518"]
[BlackElo "2253"]
[PlyCount "161"]
[EventDate "2008.10.05"]
[SourceDate "2008.10.04"]

1. e4 c5 2. Nc3 Nc6 3. Nge2 Nf6 4. d4 cxd4 5. Nxd4 e5 6. Ndb5 d6 7. Bg5 a6 8.
Na3 b5 9. Nd5 Be7 10. Bxf6 Bxf6 11. c3 Bg5 12. Nc2 O-O 13. a4 bxa4 14. Rxa4 a5
15. Bc4 Kh8 16. O-O Rb8 17. Ra2 f5 18. exf5 Bxf5 19. Nce3 Bg6 20. Qa4 Be8 21.
Qc2 Rc8 22. Ba6 Nd4 23. Qd1 Ra8 24. Bd3 Ne6 25. Bc2 Nf4 26. Be4 Bh5 27. Qc2 Ra7
28. f3 Bg6 29. Raa1 Bxe4 30. Qxe4 Ne6 31. Nc4 Nc5 32. Qg4 Bh6 33. Rad1 Ra6 34.
g3 Qg5 35. Qxg5 Bxg5 36. b4 axb4 37. Nxb4 Ra4 38. Nxd6 Kg8 39. Rd5 Nd7 40. Ne4
Nf6 41. Rxe5 Nxe4 42. Rxe4 Rc8 43. Nd5 Rxe4 44. fxe4 Rc4 45. h4 Bd8 46. Re1 Kf7
47. Kf2 Ke6 48. Ke3 Ke5 49. Kd3 Ra4 50. Rf1 Rxe4 51. Rf8 Bxh4 52. gxh4 Rxh4 53.
Ne3 g6 54. Re8+ Kd6 55. Ra8 Kc5 56. Rc8+ Kd6 57. c4 Rf4 58. Nd5 Rf1 59. Nc3 h5
60. Ne4+ Kd7 61. Rh8 Rd1+ 62. Ke3 Ke6 63. Re8+ Kf5 64. Rf8+ Ke5 65. Ng5 Re1+
66. Kd3 Rd1+ 67. Ke2 Ra1 68. Nf3+ Ke4 69. Rf6 Ra2+ 70. Nd2+ Kd4 71. Rxg6 h4 72.
Rd6+ Kc3 73. Rd3+ Kc2 74. Nf3 Kc1+ 75. Ke3 h3 76. Kd4 Ra8 77. c5 Kb2 78. c6
Rd8+ 79. Kc4 Rc8 80. Kc5 Kc2 81. Re3 1-0